Revúca sa teší, že bude okresným mestom Rozhovor s primátorom Ing. Jaroslavom Gočaltovským

Bibliographic Details
Main Authors: Buzinkay, Alexander, 1961- (Author), Gočaltovský, Jaroslav (Author)
Format: Article
Language:Slovak
PhysicalDescription:1 foto
Subjects:

MARC

LEADER 00000nab a2200000 a 4500
001 vtls001001010
003 SK-MaSNL
005 20260303041130.0
008 040720e19960123xo 0 slo
035 |a RV1610 
040 |a RVGKPD  |b slo  |c RVGKPD  |e AACR2 
041 0 |a slo 
044 |a xo  |c SK 
080 |a 352  |2 1981 
080 |a 35.07  |2 1981 
100 1 |a Buzinkay, Alexander,  |d 1961-   |4 aut  |9 105204 
245 1 0 |a Revúca sa teší, že bude okresným mestom  |b Rozhovor s primátorom Ing. Jaroslavom Gočaltovským 
300 |b 1 foto 
500 |a súčasnosť 
651 7 |a Revúca (Slovensko)  |2 RVGKPD  |9 31503 
655 7 |a periodikum  |2 snkbucl  |9 29553 
700 1 0 |a Gočaltovský, Jaroslav  |4 aut  |9 896541 
773 0 8 |t Zora Gemera  |g Roč. 45, č.4, 23.1.1996, s. 1,4 
852 |a ZVYKNI  |b KIS3GCP 
999 |c 1685366  |d 1687296